000 00589nam a2200241Ia 4500
003 OSt
005 20221005101136.0
006 a|||||r|||| 00| 0
007 ta
008 221004b |||||||| |||| 00| 0 eng d
020 _a0909771065
024 _a41944
037 _cTextual
040 _aCRL
_cCRL
_beng
041 _2eng
_aeng
082 _aO11198,1x, L3
245 0 _aPoet's choice 1973
260 _aSydney
_bIsland
_c1973
300 _a44p
_ccm.
650 _aENGLISH LITERATURE
942 _hO11198,1x, L3
_cTEXL
_2cc
999 _c1006289
_d1006289